Statistics for Top "C" Baby Names for Boys in 2013 in the United States

Click here to take the quiz!

General Stats

  • This quiz has been taken 5,612 times
  • The average score is 17 of 50

Answer Stats

Answer% Correct
Chris
81%
Christopher
81%
Charlie
80%
Charles
79%
Cameron
62%
Carl
62%
Conner
57%
Connor
57%
Conor
57%
Cristian
48%
Christian
47%
Colin
47%
Collin
47%
Caleb
44%
Carter
44%
Cole
42%
Cody
39%
Chase
38%
Caden
37%
Caiden
37%
Cayden
37%
Cade
35%
Carlos
34%
Carson
32%
Case
31%
Corey
31%
Calvin
29%
Colt
29%
Colten
29%
Colton
29%
Cooper
29%
Casey
23%
Clark
21%
Camden
20%
Chance
19%
Clayton
18%
Curtis
18%
Colby
17%
Chandler
16%
Cash
15%
Corbin
13%
Cyrus
12%
Cruz
8%
Cullen
6%
Cason
5%
Cesar
5%
Channing
5%
Cohen
5%
Cannon
4%
Carmelo
1%

Score Distribution

Percentile by Number Answered

Percent of People with Each Score

Your Score History

You have not taken this quiz